[Event "DEN-ch Kort 1-2"]
[Site "Svendborg"]
[Date "2018.03.26"]
[Round "5"]
[White "Jacobsen, Steen"]
[Black "Henriksen, Ole"]
[Result "1-0"]
[WhiteElo "1659"]
[BlackElo "1558"]
[PlyCount "55"]
[EventDate "2018.03.24"]
[EventType "swiss"]
[EventRounds "5"]
[EventCountry "DEN"]
[SourceTitle "EXT 2023"]
[Source "ChessBase"]
[SourceDate "2022.10.05"]
[SourceVersion "1"]
[SourceVersionDate "2022.10.05"]
[SourceQuality "1"]

1. d4 d5 2. c4 Nf6 3. Nc3 e6 4. Nf3 Be7 5. h3 c6 6. Bf4 b6 7. e3 Bb7 8. cxd5 exd5 9. Rc1 0-0 10. Bd3 Re8 11. 0-0 Bd6 12. Ne5 Qc7 13. Nb5 Qe7 14. Nxd6 Qxd6 15. Nxf7 Qf8 16. Nd6 Re7 17. Nxb7 Rxb7 18. Bxb8 Raxb8 19. Rxc6 Rd7 20. Qc2 Re7 21. Rc1 Ne4 22. Bxe4 dxe4 23. Rc7 Rbe8 24. Qa4 Rxc7 25. Rxc7 h6 26. Qc4+ Kh8 27. Qf7 Qxf7 28. Rxf7 1-0